La función de la ciencia en la sociedad (Record no. 279398)
[ view plain ]
| 000 -CABECERA | |
|---|---|
| Campo de control de longitud fija | 00465nam a22001697u 4500 |
| 008 - CÓDIGOS DE INFORMACIÓN DE LONGITUD FIJA | |
| Campo de control de longitud fija | 130405s1982 xxu||||| |||| 00| 0 spa d |
| 020 ## - NÚMERO INTERANCIONAL NORMALIZADO PARA LIBROS (ISBN) | |
| Número Internacional Normalizado para Libros (ISBN) | 8485887050 |
| 041 ## - CÓDIGO DE LENGUA | |
| Código de lengua del texto/banda sonora o título independiente | spa |
| 001 - NÚMERO DE CONTROL | |
| Campo de control | 76463 |
| 100 1# - PUNTO DE ACCESO PRINCIPAL-NOMBRE DE PERSONA | |
| Nombre de persona | Cordon, Faustino |
| 9 (RLIN) | 32056 |
| 245 00 - MENCIÓN DE TÍTULO | |
| Título | La función de la ciencia en la sociedad |
| Mención de responsabilidad, etc. | Faustino Cordon |
| 260 ## - PUBLICACIÓN, DISTRIBUCIÓN, ETC... (PIE DE IMPRENTA) | |
| Lugar de publicación, distribución, etc. | Barcelona: |
| Nombre del editor, distribuidor, etc. | Antrophos, |
| Fecha de publicación, distribución, etc. | 1982 |
| 300 ## - DESCRIPCIÓN FÍSICA | |
| Extensión | 177 p. |
| Dimensiones | ;19 cm. |
| 490 0# - MENCIÓN DE SERIE | |
| Mención de serie | Monografías Científicas |
| Designación de volumen o secuencia | 2 |
| 650 04 - PUNTO DE ACCESO ADICIONAL DE MATERIA-TÉRMINO DE MATERIA | |
| Término de materia o nombre geográfico como elemento inicial | Sociología |
| 9 (RLIN) | 15857 |
| 942 ## - ENTRADA DE ELEMENTOS AGREGADOS (KOHA) | |
| Koha [por defecto] tipo de item | Libros |
| Suprimido | Perdido | Estropeado | No para préstamo | Localización permanente | Localización actual | Localización en estantería | Fecha adquisición | Préstamos totales | Signatura completa | Número de Registro / Código de Barras | Fecha última consulta | Fecha del precio de reemplazo | Tipo de item de Koha |
|---|---|---|---|---|---|---|---|---|---|---|---|---|---|
| San Esteban | San Esteban | Depósito de libros | 21/05/2013 | 301 COR fun | 76463 | 21/05/2013 | 21/05/2013 | Libros |
